<?xml version="1.0" encoding="UTF-8"?>
<marc:record xmlns:marc="http://www.loc.gov/MARC21/slim">
   <marc:leader>00000nam a2200000 a 4500</marc:leader>
   <marc:datafield ind1="1" ind2=" " tag="100">
      <marc:subfield code="a">Strobel, Arno</marc:subfield>
      <marc:subfield code="4">aut</marc:subfield>
      <marc:subfield code="e">Verfasser/-in</marc:subfield>
   </marc:datafield>
   <marc:datafield ind1=" " ind2=" " tag="653">
      <marc:subfield code="a">Spannung</marc:subfield>
   </marc:datafield>
   <marc:datafield ind1=" " ind2=" " tag="653">
      <marc:subfield code="a">München</marc:subfield>
   </marc:datafield>
   <marc:datafield ind1=" " ind2=" " tag="653">
      <marc:subfield code="a">Psychothriller</marc:subfield>
   </marc:datafield>
   <marc:datafield ind1="0" ind2="0" tag="245">
      <marc:subfield code="a">Stalker</marc:subfield>
   </marc:datafield>
   <marc:datafield ind1="0" ind2="0" tag="245">
      <marc:subfield code="b">er will dein Leben. : Psychothriller</marc:subfield>
   </marc:datafield>
   <marc:datafield ind1=" " ind2="1" tag="264">
      <marc:subfield code="b">FISCHER</marc:subfield>
      <marc:subfield code="c">2024</marc:subfield>
   </marc:datafield>
   <marc:datafield ind1="1" ind2=" " tag="520">
      <marc:subfield code="a">Der neue Psycho-Thriller von Nr.1-Bestseller-Autor Arno StrobelEric Sanders spürt, dass diese Rolle seine große Chance ist. Und er soll recht behalten: Die Resonanz auf seine schauspielerische Leistung im Münchner Tatort ist rundum positiv, seine Bekanntheit wächst, seine Followerzahlen auf Social Media steigen. Bis plötzlich jemand anfängt, sich für ihn auszugeben. Seine Identität zu übernehmen, sich in sein Leben zu drängen. Zunächst digital, dann in Person. Eric fühlt sich massiv bedroht, kann es sich nicht erklären.Bis die Nachricht bei ihm eintrifft: Gestehe den Mord, oder alle, die du liebst, werden sterben. Und Erinnerungsfetzen auftauchen. Was hat er getan? Damals, als er gerade einmal elf Jahre alt war.</marc:subfield>
   </marc:datafield>
   <marc:datafield ind1=" " ind2=" " tag="020">
      <marc:subfield code="a">9783596709236</marc:subfield>
      <marc:subfield code="9">9783596709236</marc:subfield>
   </marc:datafield>
</marc:record>
